Die Königsnovelle: "Strukturanalyse am Einzelwerk"
| Main Author: | |
|---|---|
| Format: | Print Book |
| Language: | German |
| Subito Delivery Service: | Order now. |
| Check availability: | HBZ Gateway |
| WorldCat: | WorldCat |
| Interlibrary Loan: | Interlibrary Loan for the Fachinformationsdienste (Specialized Information Services in Germany) |
| Published: |
Wiesbaden
Harrassowitz
2004
|
| In: |
Ägypten und Altes Testament (62)
Year: 2004 |
| Series/Journal: | Ägypten und Altes Testament
62 |
| Standardized Subjects / Keyword chains: | B
Egypt (Antiquity)
/ Royal novella
B Egypt / Pharaoh / Royal novella B Egyptian language / Literature B Egypt (Antiquity) / Middle Egyptian |
| RelBib Classification: | TC Pre-Christian history ; Ancient Near East |
| Further subjects: | B
King
B Literary genre B Inscriptions, Egyptian B Thesis B Egypt Sources History To 332 B.C |
| Online Access: |
Inhaltstext (Publisher) |
MARC
| LEADER | 00000cam a2200000 c 4500 | ||
|---|---|---|---|
| 001 | 482316284 | ||
| 003 | DE-627 | ||
| 005 | 20251223205813.0 | ||
| 007 | tu | ||
| 008 | 050323s2004 gw ||||| m 00| ||ger c | ||
| 015 | |a 05,N14,1018 |2 dnb | ||
| 016 | 7 | |a 974096938 |2 DE-101 | |
| 020 | |a 3447051558 |9 3-447-05155-8 | ||
| 020 | |z 344751558 | ||
| 035 | |a (DE-627)482316284 | ||
| 035 | |a (DE-576)116549475 | ||
| 035 | |a (DE-599)DNB974096938 | ||
| 035 | |a (OCoLC)254227692 | ||
| 035 | |a (OCoLC)58467605 | ||
| 040 | |a DE-627 |b ger |c DE-627 |e rda | ||
| 041 | |a ger | ||
| 044 | |c XA-DE-HE | ||
| 050 | 0 | |a PJ1521 | |
| 082 | 0 | |a 493.1 | |
| 082 | 0 | 4 | |a 930 |
| 084 | |a 6,11 |a 6,12 |2 ssgn | ||
| 084 | |a 6,21 |2 ssgn | ||
| 084 | |a 1 |2 ssgn | ||
| 084 | |a EO 2480 |q BVB |2 rvk |0 (DE-625)rvk/25583: | ||
| 084 | |a BC 7525 |2 rvk |0 (DE-625)rvk/9682: | ||
| 084 | |a 18.72 |2 bkl | ||
| 084 | |a 17.93 |2 bkl | ||
| 100 | 1 | |0 (DE-588)1037119819 |0 (DE-627)75223398X |0 (DE-576)391121855 |4 aut |a Hofmann, Beate | |
| 109 | |a Hofmann, Beate |a Vorlauf, Beate | ||
| 245 | 1 | 4 | |a Die Königsnovelle |b "Strukturanalyse am Einzelwerk" |c Beate Hofmann |
| 264 | 1 | |a Wiesbaden |b Harrassowitz |c 2004 | |
| 300 | |a VII, 368 Seiten |c 297 mm x 210 mm | ||
| 336 | |a Text |b txt |2 rdacontent | ||
| 337 | |a ohne Hilfsmittel zu benutzen |b n |2 rdamedia | ||
| 338 | |a Band |b nc |2 rdacarrier | ||
| 490 | 1 | |a Ägypten und Altes Testament |v 62 | |
| 502 | |a Zugl.: @Marburg, Univ., Diss., 2003 | ||
| 583 | 1 | |a Archivierung/Langzeitarchivierung gewährleistet |f SSG |x XA-DE-BW |2 pdager |5 DE-21 | |
| 583 | 1 | |a Archivierung/Langzeitarchivierung gewährleistet |f SSG |x XA-DE-BW |2 pdager |5 DE-16 | |
| 583 | 1 | |a Archivierung prüfen |c 20251012 |f DE-4165 |z 1 |2 pdager | |
| 601 | |a Strukturanalyse | ||
| 650 | 0 | |a Inscriptions, Egyptian | |
| 650 | 0 | 7 | |0 (DE-588)4031516-2 |0 (DE-627)106265229 |0 (DE-576)20899291X |a König |2 gnd |
| 650 | 0 | 7 | |0 (DE-588)4074285-4 |0 (DE-627)10464950X |0 (DE-576)209193182 |a Literaturgattung |2 gnd |
| 651 | 0 | |a Egypt |x Sources |x History |x To 332 B.C | |
| 652 | |a TC | ||
| 655 | 7 | |a Hochschulschrift |0 (DE-588)4113937-9 |0 (DE-627)105825778 |0 (DE-576)209480580 |2 gnd-content | |
| 689 | 0 | 0 | |d g |0 (DE-588)4068430-1 |0 (DE-627)106105639 |0 (DE-576)209173815 |2 gnd |a Ägypten |g Altertum |
| 689 | 0 | 1 | |d s |0 (DE-588)4328607-0 |0 (DE-627)131761536 |0 (DE-576)211290661 |2 gnd |a Königsnovelle |
| 689 | 0 | |5 DE-101 | |
| 689 | 1 | 0 | |d g |0 (DE-588)4000556-2 |0 (DE-627)104758139 |0 (DE-576)208838619 |2 gnd |a Ägypten |
| 689 | 1 | 1 | |d s |0 (DE-588)4133037-7 |0 (DE-627)105683094 |0 (DE-576)209640596 |2 gnd |a Pharao |
| 689 | 1 | 2 | |d s |0 (DE-588)4328607-0 |0 (DE-627)131761536 |0 (DE-576)211290661 |2 gnd |a Königsnovelle |
| 689 | 1 | |5 (DE-627) | |
| 689 | 2 | 0 | |d s |0 (DE-588)4120107-3 |0 (DE-627)105778818 |0 (DE-576)209532335 |2 gnd |a Ägyptisch |
| 689 | 2 | 1 | |d s |0 (DE-588)4035964-5 |0 (DE-627)106245015 |0 (DE-576)209015608 |2 gnd |a Literatur |
| 689 | 2 | |5 (DE-627) | |
| 689 | 3 | 0 | |d g |0 (DE-588)4068430-1 |0 (DE-627)106105639 |0 (DE-576)209173815 |2 gnd |a Ägypten |g Altertum |
| 689 | 3 | 1 | |d s |0 (DE-588)4120254-5 |0 (DE-627)10577779X |0 (DE-576)209533544 |2 gnd |a Mittelägyptisch |
| 689 | 3 | |5 (DE-627) | |
| 751 | |a Marburg |0 (DE-588)4037446-4 |0 (DE-627)106237454 |0 (DE-576)209024305 |4 uvp | ||
| 830 | 0 | |a Ägypten und Altes Testament |v 62 |9 62 |w (DE-627)167059653 |w (DE-576)007934319 |w (DE-600)402775-9 |x 0720-9061 |7 am | |
| 856 | 4 | 2 | |u http://deposit.dnb.de/cgi-bin/dokserv?id=2608108&prov=M&dok_var=1&dok_ext=htm |m X: MVB |q text/html |v 20130501 |x Verlag |3 Inhaltstext |7 1 |
| 889 | |w (DE-576)52011275X | ||
| 889 | |w (DE-627)159011275X | ||
| 935 | |a mteo |a BIIN | ||
| 935 | |i Blocktest | ||
| 936 | r | v | |a EO 2480 |b Erzählende Literatur |k Allgemeine und vergleichende Sprach- und Literaturwissenschaft. Indogermanistik. Außereuropäische Sprachen und Literaturen |k Ägyptische Sprache und Literatur |k Ägyptische Literatur |k Einzelne Gattungen |k Erzählende Literatur |0 (DE-627)1271323710 |0 (DE-625)rvk/25583: |0 (DE-576)201323710 |
| 936 | r | v | |a BC 7525 |b Reihen, die das AT umfassen |k Theologie und Religionswissenschaften |k Bibelwissenschaft |k Biblische Theologie |k Sammelwerke |k Schriftenreihen |k Reihen, die das AT umfassen |0 (DE-627)127071323X |0 (DE-625)rvk/9682: |0 (DE-576)20071323X |
| 936 | b | k | |a 18.72 |j Ägyptische Sprache und Literatur |0 (DE-627)106423193 |
| 936 | b | k | |a 17.93 |j Literarische Stoffe |j literarische Motive |j literarische Themen |0 (DE-627)106404490 |
| 951 | |a BO | ||
| BIB | |a 1 | ||
| ELC | |b 1 | ||
| ITA | |a 1 |t 1 | ||
| LOK | |0 000 xxxxxcx a22 zn 4500 | ||
| LOK | |0 001 3202008471 | ||
| LOK | |0 003 DE-627 | ||
| LOK | |0 004 482316284 | ||
| LOK | |0 005 20050405000000 | ||
| LOK | |0 008 050405||||||||||||||||ger||||||| | ||
| LOK | |0 040 |a DE-21 |c DE-627 |d DE-21 | ||
| LOK | |0 852 |a DE-21 | ||
| LOK | |0 852 1 |c 45 B 246 |9 00 | ||
| LOK | |0 866 |x ms | ||
| LOK | |0 935 |a vord | ||
| LOK | |0 938 |l 21 |8 2 | ||
| LOK | |0 938 |l 05/04/05 |8 6 | ||
| LOK | |0 939 |a 05-04-05 |b l01 | ||
| LOK | |0 000 xxxxxcx a22 zn 4500 | ||
| LOK | |0 001 3202008552 | ||
| LOK | |0 003 DE-627 | ||
| LOK | |0 004 482316284 | ||
| LOK | |0 005 20100325181732 | ||
| LOK | |0 008 050712||||||||||||||||ger||||||| | ||
| LOK | |0 040 |a DE-21-11 |c DE-627 |d DE-21-11 | ||
| LOK | |0 541 |e Y05-104 | ||
| LOK | |0 852 |a DE-21-11 | ||
| LOK | |0 852 1 |c ÄGY R ÄAT 62 |m p |9 00 | ||
| LOK | |0 935 |a aegy |a i011 |a k011 | ||
| LOK | |0 938 |k p | ||
| LOK | |0 939 |a 12-07-05 |b l01 | ||
| LOK | |0 000 xxxxxcx a22 zn 4500 | ||
| LOK | |0 001 3060504482 | ||
| LOK | |0 003 DE-627 | ||
| LOK | |0 004 482316284 | ||
| LOK | |0 005 20240412204245 | ||
| LOK | |0 008 190311||||||||||||||||ger||||||| | ||
| LOK | |0 035 |a (DE-Tue135-1)156117 | ||
| LOK | |0 040 |a DE-Tue135-1 |c DE-627 |d DE-Tue135-1 | ||
| LOK | |0 852 |a DE-Tue135-1 | ||
| LOK | |0 852 1 |c FTHAT097793/62 |m p |9 00 | ||
| LOK | |0 852 2 |b Z 4/9 |9 00 | ||
| LOK | |0 935 |a iMON | ||
| LOK | |0 936ln |0 1442053569 |a TC | ||
| LOK | |0 938 |k p | ||
| LOK | |0 939 |a 11-03-19 |b l12 | ||
| ORI | |a SA-MARC-ixtheoa001.raw | ||
| REL | |a 1 | ||
| STA | 0 | 0 | |a Egypt,Egypt,Egypt,Egypt,Egyptian language,King,King,Monarchy,Kings and rulers in art,Literary genre,Genre,Literature,Literature,Belles-lettres,Middle Egyptian,Middle Egyptian,Egyptian language,Pharaoh,Pharaoh,King,Royal novella |
| STB | 0 | 0 | |a Genre littéraire,Littérature,Littérature,Moyen égyptien,Moyen égyptien,Nouvelle royale,Pharaon,Pharaon,Roi,Roi,Égypte,Égypte,Égyptien |
| STC | 0 | 0 | |a Egipcio,Egipcio medio,Egipcio medio,Egipto,Egipto,Faraón,Faraón,Género literario,Literatura,Literatura,Novela real,Rey,Rey,Reyes y soberanos,Reyes y soberanos |
| STD | 0 | 0 | |a Egitto,Egitto,Egizio,Egizio medio,Egizio medio,Faraone,Faraone,Genere letterario,Letteratura,Letteratura,Novella regale,Königsnovelle,Königsnovelle,Re,Re |
| STE | 0 | 0 | |a 埃及语,文学,文学体裁,文学类型,法老,王,君王,国王 |
| STF | 0 | 0 | |a 埃及語,文學,文學體裁,文學類型,法老,王,君王,國王 |
| STG | 0 | 0 | |a Egito,Egito,Egípcio,Egípcio médio,Egípcio médio,Faraó,Faraó,Gênero literário,Literatura,Literatura,Novela real,Rei,Rei |
| STH | 0 | 0 | |a Египет (древний, мотив),Египет (мотив),Египетский (язык),Королевская новелла,Король (мотив),Король,Литература (мотив),Литература,Литературный жанр,Среднеегипетский (коптский),Среднеегипетский,Фараон (мотив),Фараон |
| STI | 0 | 0 | |a Αίγυπτος (αρχαιότητα, μοτίβο),Αίγυπτος (μοτίβο),Αιγυπτιακή γλώσσα,Βασιλιάς (μοτίβο),Βασιλιάς,Βασιλική νουβέλα,Λογοτεχνία (μοτιβο),Λογοτεχνία,Λογοτεχνικό είδος,Μέσα Αιγυπτιακά (Κοπτική γλώσσα),Μέσα Αιγυπτιακά,Φαραώ (μοτίβο),Φαραώ |
| SUB | |a BIB |a REL | ||
| SYE | 0 | 0 | |a Königtum,Krone , Gattung,Literarische Gattung,Dichtungsgattung,Genre |
| SYG | 0 | 0 | |a Ägypten,Ägypten , Aegyptus,Miṣr,Egypt,Chibet,Ghubt,Ghibt,Arabische Republik Ägypten,Dschumhūriyyat Misr al-ʿArabiyya,Ǧumhūriyyat Misr al-ʿArabiyya,República Árabe de Egipto,Ŷumhūriyyat Miṣr Al-ʿArabiyyah,Arab Republic of Egypt,Ǧumhūriyyat Miṣr al-ʿArabiyyah,Arabiese Republiek Egipte,République arabe d'Égypte,Jumhuriyyat Miṣr al-ʿArabiyyah,Repubblica Araba d'Egitto,Egyiptomi Arab Köztársaság,Mısır Arap Cumhuriyeti,Ǧumhūrīyat Miṣr al-ʿArabīya,ARE,Egypte,al- Mamlaka al-Miṣrīya,ad- Daula al-Miṣrīya,Mısır,Egapt,République d'Egypte,Republic of Egypt,Egitto,Kingdom of Egypt,Republica Arabe de Egipto,Maṣr , Ägypten,Ägypten , Aegyptus,Miṣr,Egypt,Chibet,Ghubt,Ghibt,Arabische Republik Ägypten,Dschumhūriyyat Misr al-ʿArabiyya,Ǧumhūriyyat Misr al-ʿArabiyya,República Árabe de Egipto,Ŷumhūriyyat Miṣr Al-ʿArabiyyah,Arab Republic of Egypt,Ǧumhūriyyat Miṣr al-ʿArabiyyah,Arabiese Republiek Egipte,République arabe d'Égypte,Jumhuriyyat Miṣr al-ʿArabiyyah,Repubblica Araba d'Egitto,Egyiptomi Arab Köztársaság,Mısır Arap Cumhuriyeti,Ǧumhūrīyat Miṣr al-ʿArabīya,ARE,Egypte,al- Mamlaka al-Miṣrīya,ad- Daula al-Miṣrīya,Mısır,Egapt,République d'Egypte,Republic of Egypt,Egitto,Kingdom of Egypt,Republica Arabe de Egipto,Maṣr , Belletristik,Dichtung,Literarisches Kunstwerk,Schöne Literatur,Sprachkunst,Sprachliches Kunstwerk,Wortkunst,Belletristik,Dichtung,Schöne Literatur,Sprachkunst,Wortkunst , Ägypten,Ägypten , Aegyptus,Miṣr,Egypt,Chibet,Ghubt,Ghibt,Arabische Republik Ägypten,Dschumhūriyyat Misr al-ʿArabiyya,Ǧumhūriyyat Misr al-ʿArabiyya,República Árabe de Egipto,Ŷumhūriyyat Miṣr Al-ʿArabiyyah,Arab Republic of Egypt,Ǧumhūriyyat Miṣr al-ʿArabiyyah,Arabiese Republiek Egipte,République arabe d'Égypte,Jumhuriyyat Miṣr al-ʿArabiyyah,Repubblica Araba d'Egitto,Egyiptomi Arab Köztársaság,Mısır Arap Cumhuriyeti,Ǧumhūrīyat Miṣr al-ʿArabīya,ARE,Egypte,al- Mamlaka al-Miṣrīya,ad- Daula al-Miṣrīya,Mısır,Egapt,République d'Egypte,Republic of Egypt,Egitto,Kingdom of Egypt,Republica Arabe de Egipto,Maṣr , Frühmittelägyptisch |
| TIM | |a 000000000000_100019580131 |b - 1958-01-31 | ||



